000 00622nam a2200217Ia 4500
005 20250508163856.0
008 008 250505s9999 xx 000 0 eng d
020 _a81-7036-526-0
037 _aTextual
040 _aFEDL
_beng
_cFEDL
041 _aeng
_2eng
084 _a301, SHA
_qFEDL
100 _aShah A. M. Ed.
_9449272
245 0 _aSocial structure and change. Vol 2
260 _aNew Delhi, India
_bSage Publications
_c1996
300 _a214p.
650 _aSociology
700 _a Baviskar B. S. Ed. Ramaswamy E. A. Ed.
_9776637
942 _cTEXL
_h301, SHA
999 _c1385740
_d1385740